书目信息 |
| 题名: |
小学科学高阶思维活动的设计、实施与评价
|
|
| 作者: | 张瑞芳 著 | |
| 分册: | ||
| 出版信息: | 上海 上海科技教育出版社有限公司 2020.6 |
|
| 页数: | 237页 | |
| 开本: | 24cm | |
| 丛书名: | ||
| 单 册: | ||
| 中图分类: | G623.62 | |
| 科图分类: | ||
| 主题词: | 科学知识--课堂教学--教学研究--小学 | |
| 电子资源: | ||
| ISBN: | 978-7-5428-6802-2 | |
| 000 | 01004nam0 2200241 45 | |
| 001 | 012001001435 | |
| 005 | 20140821082417.0 | |
| 010 | @a978-7-5428-6802-2@dCNY45.00 | |
| 099 | @aCAL 012019017065 | |
| 100 | @a20190227d2018 em y0chiy0110 ea | |
| 101 | 0 | @achi |
| 102 | @aCN@b310000 | |
| 105 | @ay z 000yy | |
| 106 | @ar | |
| 200 | 1 | @a小学科学高阶思维活动的设计、实施与评价@Axiao xue ke xue gao jie si wei huo dong de she ji 、 shi shi yu ping jia@f张瑞芳等著 |
| 210 | @a上海@c上海科技教育出版社有限公司@d2020.6 | |
| 215 | @a237页@c图@d24cm | |
| 330 | @a本书以布鲁姆认知领域教育目标分类理论为基础,阐述了在小学科学课堂教学中的高阶思维活动的特征与设计方法、高阶思维活动的教学支架与教学资源设计方法、高阶思维活动的实施方法、发展高阶思维的策略、高阶思维活动的评价等,具有系统性强、可读性强、可操作性强等特点。 | |
| 606 | 0 | @a科学知识@x课堂教学@x教学研究@x小学 |
| 690 | @aG623.62@v5 | |
| 701 | 0 | @a张瑞芳@Azhang rui fang@4著 |
| 801 | @aCN@bAHXH@c20210922 | |
| 905 | @b1251830-4@dG623.62@e1583@f5 | |
| 小学科学高阶思维活动的设计、实施与评价/张瑞芳等著.-上海:上海科技教育出版社有限公司,2020.6 |
| 237页:图;24cm |
| ISBN 978-7-5428-6802-2:CNY45.00 |
| 本书以布鲁姆认知领域教育目标分类理论为基础,阐述了在小学科学课堂教学中的高阶思维活动的特征与设计方法、高阶思维活动的教学支架与教学资源设计方法、高阶思维活动的实施方法、发展高阶思维的策略、高阶思维活动的评价等,具有系统性强、可读性强、可操作性强等特点。 |
| ● |
| 相关链接 |
|
|
|
|
正题名:小学科学高阶思维活动的设计、实施与评价
索取号:G623.62/1583
 
预约/预借
| 序号 | 登录号 | 条形码 | 馆藏地/架位号 | 状态 | 备注 |
| 1 | 1251830 | 212518300 | 第一样本阅览室/ [索取号:G623.62/1583] | 在馆 | |
| 2 | 1251831 | 212518319 | 教育系资料室/ [索取号:G623.62/1583] | 在馆 | |
| 3 | 1251832 | 212518328 | 教育系资料室/ [索取号:G623.62/1583] | 在馆 | |
| 4 | 1251833 | 212518337 | 第四借阅区/ [索取号:G623.62/1583] | 在馆 | |
| 5 | 1251834 | 212518346 | 第四借阅区/ [索取号:G623.62/1583] | 在馆 |